[Event "Yufo U18"]
[Site "Astrakhan"]
[Date "2012.10.30"]
[Round "4"]
[White "Mazurov, Arslan"]
[Black "Kondrashov, Kirill"]
[Result "1-0"]
[WhiteElo "1819"]
[BlackElo "1925"]
[PlyCount "79"]
[EventDate "2012.10.27"]
[EventType "swiss"]
[EventRounds "9"]
[EventCountry "RUS"]
[SourceTitle "EXT 2022"]
[Source "ChessBase"]
[SourceDate "2021.10.06"]
[SourceVersion "1"]
[SourceVersionDate "2021.10.06"]
[SourceQuality "1"]

1. e4 c5 2. Nf3 e6 3. Nc3 Nc6 4. d4 cxd4 5. Nxd4 Nf6 6. Bg5 Bb4 7. Nxc6 bxc6 8. Qf3 Bxc3+ 9. Qxc3 Nxe4 10. Qxg7 Qa5+ 11. c3 Qxg5 12. Qxh8+ Ke7 13. Qd4 f5 14. g3 Rb8 15. f4 Qh6 16. Qxa7 Rb7 17. Qa3+ d6 18. Bg2 Nc5 19. 0-0-0 Bd7 20. b4 Ne4 21. Bxe4 fxe4 22. Qa6 Rb5 23. a4 Qg7 24. Kc2 Rd5 25. a5 Qg4 26. Rxd5 exd5 27. Re1 Qh5 28. Qe2 Bg4 29. Qf2 Qe8 30. a6 c5 31. Ra1 Qb5 32. Qe3 Bf5 33. Ra5 Qc4 34. bxc5 d4 35. cxd6+ Kd7 36. Qxd4 e3+ 37. Rxf5 Qa2+ 38. Kd3 Qd2+ 39. Ke4 Qxd4+ 40. Kxd4 1-0

[Event "South FR-ch U16"]
[Site "Loo"]
[Date "2011.11.08"]
[Round "7"]
[White "Kupin, Ivan"]
[Black "Kondrashov, Kirill"]
[Result "0-1"]
[WhiteElo "1726"]
[BlackElo "1919"]
[PlyCount "130"]
[EventDate "2011.11.02"]
[EventType "swiss"]
[EventRounds "9"]
[EventCountry "RUS"]
[SourceTitle "EXT 2023"]
[Source "ChessBase"]
[SourceDate "2022.10.05"]
[SourceVersion "1"]
[SourceVersionDate "2022.10.05"]
[SourceQuality "1"]

1. e4 c5 2. Nf3 e6 3. d4 cxd4 4. Nxd4 a6 5. Nc3 b5 6. a4 b4 7. Nce2 Bb7 8. Ng3 Qc7 9. Bd3 Nf6 10. 0-0 h5 11. Re1 Bc5 12. Nf3 Ng4 13. Re2 Nxh2 14. Nxh2 Qxg3 15. Be3 Qc7 16. Qd2 d6 17. e5 Bxe3 18. Rxe3 Nc6 19. exd6 Qxd6 20. Rg3 g6 21. Qg5 Qe7 22. Qf4 0-0-0 23. Re3 Rd4 24. Re4 e5 25. Qe3 f5 26. Rxd4 Nxd4 27. Re1 Re8 28. c3 bxc3 29. bxc3 Nc6 30. Rb1 e4 31. Be2 f4 32. Qxf4 e3 33. f3 Qa3 34. Qf7 Re7 35. Qxg6 Qxc3 36. Qxh5 Nd4 37. Qg4+ Kb8 38. Qg8+ Ka7 39. Qc4 Qxc4 40. Bxc4 Rc7 41. Bd3 Rc3 42. Bg6 Ne2+ 43. Kf1 Nf4 44. Bh7 Ra3 45. Ng4 e2+ 46. Kf2 Nd5 47. Be4 Rxa4 48. Rxb7+ Kxb7 49. Bxd5+ Kc7 50. Kxe2 Kd6 51. Be4 Rb4 52. Ne3 a5 53. g4 a4 54. Bd3 Ke5 55. Kf2 Rb2+ 56. Kg3 Kd4 57. Nc4 Rb4 58. Be2 Rxc4 59. Bxc4 Kxc4 60. g5 Kd5 61. Kg4 a3 62. g6 Ke6 63. Kg5 a2 64. Kh6 a1Q 65. g7 Kf7 0-1

[Event "South FR-ch U16"]
[Site "Loo"]
[Date "2011.11.07"]
[Round "6"]
[White "Kondrashov, Kirill"]
[Black "Levonyan, Karen"]
[Result "0-1"]
[WhiteElo "1919"]
[BlackElo "1984"]
[PlyCount "66"]
[EventDate "2011.11.02"]
[EventType "swiss"]
[EventRounds "9"]
[EventCountry "RUS"]
[SourceTitle "EXT 2023"]
[Source "ChessBase"]
[SourceDate "2022.10.05"]
[SourceVersion "1"]
[SourceVersionDate "2022.10.05"]
[SourceQuality "1"]

1. e4 c5 2. Nf3 d6 3. d4 cxd4 4. Nxd4 Nf6 5. Nc3 g6 6. Be3 Bg7 7. Bc4 0-0 8. f3 Nc6 9. Bb3 Bd7 10. Qd2 Rc8 11. 0-0-0 Nxd4 12. Bxd4 b5 13. h4 a5 14. a4 b4 15. Nd5 Nxd5 16. exd5 f6 17. h5 Qe8 18. h6 Bh8 19. Qe2 Rb8 20. Rhe1 Rf7 21. Bc4 Bxa4 22. g4 Bb5 23. g5 Bxc4 24. Qxc4 b3 25. Re6 a4 26. Rde1 Rc8 27. Qb4 Rxc2+ 28. Kb1 Qc8 29. gxf6 Bxf6 30. Bxf6 Rxf6 31. Qxa4 Rxf3 32. Rxe7 Rxb2+ 33. Ka1 Rb1+ 0-1

[Event "Rostov Region-ch op"]
[Site "Rostov on Don"]
[Date "2011.10.20"]
[Round "1.14"]
[White "Kondrashov, Kirill"]
[Black "Gladkiy, Dmitriy"]
[Result "0-1"]
[WhiteElo "1919"]
[BlackElo "2267"]
[PlyCount "64"]
[EventDate "2011.10.20"]
[EventType "swiss"]
[EventRounds "9"]
[EventCountry "RUS"]
[SourceTitle "EXT 2022"]
[Source "ChessBase"]
[SourceDate "2021.10.06"]
[SourceVersion "1"]
[SourceVersionDate "2021.10.06"]
[SourceQuality "1"]

1. e4 e6 2. d4 d5 3. Nc3 dxe4 4. Nxe4 Bd7 5. Nf3 Bc6 6. Bd3 Nd7 7. 0-0 Ngf6 8. Bg5 Be7 9. Bxf6 Bxf6 10. c3 0-0 11. Re1 g6 12. Qe2 Bg7 13. Bb5 Bxe4 14. Qxe4 c6 15. Bf1 Qb6 16. Qc2 a5 17. Rab1 a4 18. b4 axb3 19. Rxb3 Qc7 20. c4 b6 21. Qd2 Ra5 22. Bd3 c5 23. Bb1 cxd4 24. Nxd4 Nc5 25. Nb5 Nxb3 26. axb3 Qb8 27. Rd1 Ra1 28. Bc2 Rxd1+ 29. Qxd1 Rd8 30. Qf3 Qe5 31. g3 Qe1+ 32. Kg2 Rd2 0-1

[Event "Rostov Region-ch op"]
[Site "Rostov on Don"]
[Date "2011.10.20"]
[Round "4.12"]
[White "Petrova, Olga"]
[Black "Kondrashov, Kirill"]
[Result "1-0"]
[WhiteElo "2211"]
[BlackElo "1919"]
[PlyCount "45"]
[EventDate "2011.10.20"]
[EventType "swiss"]
[EventRounds "9"]
[EventCountry "RUS"]
[SourceTitle "EXT 2022"]
[Source "ChessBase"]
[SourceDate "2021.10.06"]
[SourceVersion "1"]
[SourceVersionDate "2021.10.06"]
[SourceQuality "1"]

1. e4 c5 2. Nf3 e6 3. d4 cxd4 4. Nxd4 a6 5. Nc3 b5 6. Bd3 Bb7 7. 0-0 Qb6 8. Nb3 Qc7 9. f4 d6 10. Qf3 Nf6 11. Be3 Be7 12. Rae1 Nbd7 13. a3 0-0 14. Qh3 e5 15. f5 d5 16. exd5 Bxd5 17. Nxd5 Nxd5 18. Bd2 a5 19. g4 a4 20. g5 Qb6+ 21. Kh1 Bxg5 22. Bxg5 f6 23. Qg2 1-0

[Event "Doroshkevich Memorial op"]
[Site "Belorechensk"]
[Date "2009.05.31"]
[Round "9"]
[White "Rakov, Valery"]
[Black "Kondrashov, Kirill"]
[Result "1-0"]
[WhiteElo "2265"]
[BlackElo "1815"]
[PlyCount "81"]
[EventDate "2009.05.23"]
[EventType "swiss"]
[EventRounds "9"]
[EventCountry "RUS"]
[SourceTitle "CBM 130 Extra"]
[Source "ChessBase"]
[SourceDate "2009.07.02"]
[SourceVersion "2"]
[SourceVersionDate "2009.07.15"]
[SourceQuality "1"]

1. Nf3 Nf6 2. g3 g6 3. b4 Bg7 4. Bb2 0-0 5. Bg2 d6 6. 0-0 e5 7. c4 h6 8. d4 e4 9. Ne1 Qe7 10. Nc2 Nh5 11. Nc3 f5 12. f3 Nf6 13. f4 Nc6 14. d5 Nd8 15. e3 Nf7 16. Qd2 g5 17. Nd4 gxf4 18. exf4 Ng4 19. Nd1 e3 20. Qe2 Re8 21. h3 Nf2 22. Nxf2 exf2+ 23. Qxf2 Qe3 24. Qxe3 Rxe3 25. Kf2 Rd3 26. Rad1 Rxd1 27. Rxd1 Bd7 28. Rd2 a5 29. b5 Re8 30. Ne6 Bxb2 31. Rxb2 Bxe6 32. dxe6 Rxe6 33. Bxb7 Re7 34. Bd5 Kg7 35. Rb3 Nd8 36. Ra3 Ne6 37. Bxe6 Rxe6 38. Rxa5 Re4 39. Ra7 Rxc4 40. b6 Rb4 41. bxc7 1-0

[Event "Doroshkevich Memorial op"]
[Site "Belorechensk"]
[Date "2009.05.27"]
[Round "5"]
[White "Piven, Vladimir"]
[Black "Kondrashov, Kirill"]
[Result "1-0"]
[WhiteElo "2115"]
[BlackElo "1815"]
[PlyCount "125"]
[EventDate "2009.05.23"]
[EventType "swiss"]
[EventRounds "9"]
[EventCountry "RUS"]
[SourceTitle "CBM 130 Extra"]
[Source "ChessBase"]
[SourceDate "2009.07.02"]
[SourceVersion "2"]
[SourceVersionDate "2009.07.15"]
[SourceQuality "1"]

1. c4 g6 2. g3 Bg7 3. Nc3 d6 4. Bg2 e5 5. Nf3 Nc6 6. 0-0 h6 7. e3 Nf6 8. d4 exd4 9. Nxd4 Nxd4 10. exd4 0-0 11. Re1 a6 12. Be3 Ng4 13. Qd2 Rb8 14. b4 Nxe3 15. Rxe3 c5 16. dxc5 dxc5 17. Rd3 Qg5 18. f4 Bxc3 19. Qxc3 cxb4 20. Qxb4 Qf6 21. Re1 Rd8 22. Rxd8+ Qxd8 23. Bd5 b5 24. Qe7 Qxe7 25. Rxe7 Be6 26. Bxe6 fxe6 27. cxb5 Rxb5 28. Rxe6 Rb1+ 29. Kf2 Rb2+ 30. Re2 Rb6 31. g4 Kf7 32. h4 Kf6 33. g5+ hxg5 34. hxg5+ Kf7 35. Kf3 Rb4 36. Re4 Rb2 37. Ra4 Rb6 38. Ke4 Ke6 39. Kf3 Rc6 40. Re4+ Kf7 41. Ra4 Ke6 42. Kg4 Rd6 43. Re4+ Kf7 44. f5 gxf5+ 45. Kxf5 Rc6 46. Re5 Rb6 47. Rc5 Rb7 48. a4 Ra7 49. Rc6 a5 50. Ke5 Kg7 51. Kd6 Kg6 52. Rc5 Rf7 53. Rxa5 Rf4 54. Kc6 Rh4 55. Ra8 Kxg5 56. a5 Ra4 57. a6 Ra1 58. a7 Rc1+ 59. Kb5 Rb1+ 60. Kc4 Rc1+ 61. Kb3 Ra1 62. Rg8+ Kf5 63. a8Q 1-0